Simón Bolívar y el nacionalismo del Tercer Mundo /

Guardado en:
Autor Principal: Trías, Vivian.
Formato: Libro
Idioma:Undetermined
Publicado: Buenos Aires : Luciano Soares, 1987.
Materias:
Etiquetas: Agregar Etiqueta
Sin Etiquetas, Sea el primero en etiquetar este registro!
LEADER 00641nam a22001935a 4500
001 EHU.bham051996
008 240325s1987####ag############000#0#und#d
005 20240325092007.0
245 0 0 |a Simón Bolívar y el nacionalismo del Tercer Mundo /  |c Vivian Trías. 
260 |a Buenos Aires :  |b Luciano Soares,  |c 1987. 
300 |a 124 p. 
100 1 |a Trías, Vivian. 
653 |a Venezuela-historia de 
651 7 |a América Latina  |x Historia  |2 Independencia 
653 |a Tercer Mundo 
653 |a Colección Villar 
653 |a Nacionalismo latinoamericano 
600 1 7 |a Bolívar, Simón. 
859 |a AR-BHAM  |b BIB. HUMANIDADES - General  |h 987  |i T731  |p 124.24  |t 1